| 000 | 01329cam a22003977a 4500 | ||
|---|---|---|---|
| 003 | CHAP | ||
| 005 | 20220329142235.0 | ||
| 008 | 000316d1997 ii a r 00010 eng d | ||
| 010 | _a80412 | ||
| 011 | _a81384 | ||
| 020 | _a9290663529 | ||
| 035 | _a91853 | ||
| 040 | _cCHAP | ||
| 082 | 0 | 4 |
_a634.17 _bS5 |
| 100 | 0 | 0 |
_aSingh, S. D. _9106639 |
| 245 | 1 | 0 |
_aScreening techniques and sources of resistance to downy mildew and rust in pearl millet _c/by S.D. Singh [and others] |
| 260 |
_aAndhra Pradesh, India : _bInternational Crops Research Institute for the Semi-Arid Tropics, _c1997. |
||
| 300 |
_a104 p. : _bilus. |
||
| 410 | _aICRISAT | ||
| 490 | 0 |
_aInformation bulletin _v; 48 |
|
| 590 |
_aBATCH-UPD _b10 _c20130109 _lUCH01 _h2334 |
||
| 590 |
_aBATCH-UPD _b10 _c20130110 _lUCH01 _h0447 |
||
| 590 |
_aBATCH-UPD _b10 _c20130110 _lUCH01 _h2211 |
||
| 590 |
_aCONVERSION _b10 _c20130109 _lUCH01 _h1345 |
||
| 650 | 1 | 4 |
_aCenicilla del mijo. _920969 |
| 650 | 1 | 4 |
_aMijo perla _xEnfermedades. _975672 |
| 700 | 0 |
_aNavi, S. S. _980614 |
|
| 700 | 0 |
_aTalukdar, B. S. _9111499 |
|
| 700 | 0 |
_aWilson, J. P. _9122204 |
|
| 810 | 0 | 0 |
_aICRISAT _957272 |
| 830 | 0 |
_aInformation bulletin _v; 48 _958099 |
|
| 901 | _aBK | ||
| 905 | _aLilia Sánchez G. | ||
| 942 | _cLIBRO | ||
| 949 |
_a634.17 S5 _bBC _cLIBRO _d33724000747267 _eLIBRO _h96877 _i91853 _si |
||
| 999 |
_c80412 _d80412 |
||